Future of Advertising (Record no. 234371)

MARC details
000 -LEADER
fixed length control field 00335pam a2200145 a 4500
020 ## - INTERNATIONAL STANDARD BOOK NUMBER
Terms of availability
041 ## - LANGUAGE CODE
Language code of original
082 ## - DEWEY DECIMAL CLASSIFICATION NUMBER
Classification number 659.1
Item number CAP
100 ## - MAIN ENTRY--PERSONAL NAME
Personal name Joe Cappo.
245 ## - TITLE STATEMENT
Title Future of Advertising
Remainder of title Future of Advertising
Medium Textual Documents
250 ## - EDITION STATEMENT
Edition statement 2003.
260 ## - PUBLICATION, DISTRIBUTION, ETC.
Place of publication, distribution, etc. America:
Name of publisher, distributor, etc. McGraw- Hill.
300 ## - PHYSICAL DESCRIPTION
Extent 260:
Other physical details Hard.
930 ## - EQUIVALENCE OR CROSS-REFERENCE-UNIFORM TITLE HEADING [LOCAL, CANADA]
Uniform title 581
Holdings
Withdrawn status Lost status Damaged status Not for loan Collection Home library Current library Date acquired Source of acquisition Cost, normal purchase price Total Checkouts Full call number Barcode Date last seen Copy number Price effective from Koha item type
          College of Fine Arts, Pune College of Fine Arts, Pune 25/05/2004 Chandrakant Book Distributors Mumbai 1195.00   659.1 CAP FAP-581 07/03/2023 1 07/03/2023 Book